<?xml version="1.0" encoding="UTF-8"?><?xml-stylesheet type="text/xsl" href="static/style.xsl"?><OAI-PMH xmlns="http://www.openarchives.org/OAI/2.0/" xmlns:xsi="http://www.w3.org/2001/XMLSchema-instance" xsi:schemaLocation="http://www.openarchives.org/OAI/2.0/ http://www.openarchives.org/OAI/2.0/OAI-PMH.xsd"><responseDate>2026-04-13T01:32:39Z</responseDate><request verb="GetRecord" identifier="oai:www.recercat.cat:10459.1/64453" metadataPrefix="marc">https://recercat.cat/oai/request</request><GetRecord><record><header><identifier>oai:recercat.cat:10459.1/64453</identifier><datestamp>2024-12-05T21:32:17Z</datestamp><setSpec>com_2072_3622</setSpec><setSpec>col_2072_479130</setSpec></header><metadata><record xmlns="http://www.loc.gov/MARC21/slim" xmlns:dcterms="http://purl.org/dc/terms/" xmlns:xsi="http://www.w3.org/2001/XMLSchema-instance" xmlns:doc="http://www.lyncode.com/xoai" xsi:schemaLocation="http://www.loc.gov/MARC21/slim http://www.loc.gov/standards/marcxml/schema/MARC21slim.xsd">
   <leader>00925njm 22002777a 4500</leader>
   <datafield ind2=" " ind1=" " tag="042">
      <subfield code="a">dc</subfield>
   </datafield>
   <datafield ind2=" " ind1=" " tag="720">
      <subfield code="a">Vaquero Susagna, Marta</subfield>
      <subfield code="e">author</subfield>
   </datafield>
   <datafield ind2=" " ind1=" " tag="260">
      <subfield code="c">2017-12-01T08:26:42Z</subfield>
   </datafield>
   <datafield ind2=" " ind1=" " tag="260">
      <subfield code="c">2017-12-01T08:26:42Z</subfield>
   </datafield>
   <datafield ind2=" " ind1=" " tag="260">
      <subfield code="c">2017-06-28</subfield>
   </datafield>
   <datafield ind2=" " ind1=" " tag="520">
      <subfield code="a">Les proteïnes de la família de Sprouty (Spry1-4) són reguladores de la senyalització mediada per&#xd;
receptors tirosina cinasa. La seva funció és important durant el desenvolupament embrionari i&#xd;
també pel manteninent de l’homeòstasi cel•lular durant l’edat adulta. La deleció de Spry1 en&#xd;
ratolí provoca l’aparició de defectes durant el desenvolupament del sistema genitourinari. També&#xd;
s’ha descrit la funció dels gens Spry com a supressors tumorals en diverses patologies canceroses.&#xd;
En aquesta tesi proposem una funció de Spry1 com a gen supressor tumoral en el carcinoma&#xd;
fol•licular de tiroide a través de la inducció de senescència cel•lular. En quant al mecanisme&#xd;
molecular de Spry implicat en la regulació d’aquests processos exhisteix una gran controvèrsia.&#xd;
Estudis in vitro han descrit la importància de la tirosina N-terminal de Spry tant per la seva funció&#xd;
i regulació. En aquest context, per disposar d’una eina in vivo que ens permiti elucidar els&#xd;
mecanismes moleculars de Spry, hem generat la línia de ratolí knockin Spry1Y53A. Aquests&#xd;
ratolins a part de fenocopiar els defectes renals de la línia knockout per Spry1, ens han revelat un&#xd;
nou rol de Spry en el desenvolupament dels genitals interns i la funció de dominant negatiu de la&#xd;
forma Spry1Y53A in vivo.</subfield>
   </datafield>
   <datafield ind2=" " ind1=" " tag="520">
      <subfield code="a">Las proteínas de la familia de Sprouty (Spry1-4) són reguladoras de la señalización mediada por&#xd;
receptores tirosina quinasa. Su función es importante durante el desarrollo embrionario y también&#xd;
para el mantenimiento de la homeostási celular durant la edad adulta. La deleción de Spry1 en&#xd;
ratón provoca la aparición de defectos durante el desarrollo del sistema genitourinario. También&#xd;
se ha descrito la función de los genos Spry como supresores tumorales en varias patologías&#xd;
cancerosas. En esta tesis proponemos una función de Spry1 como gen supresor tumoral en el&#xd;
carcinoma folicular de tiroides mediante la inducción de senescencia celular. En cuanto al&#xd;
mecanismo molecular de Spry implicado en la regulación de estos procesos exhiste una gran&#xd;
controversia. Estudios in vitro han descrito la importancia de la tirosina N-terminal de Spry tanto&#xd;
para su función como para su regulación. En este contexto, para disponer de una herramienta in&#xd;
vivo que nos permita elucidar los mecanismos moleculares de Spry, hemos generado la línea de&#xd;
ratón knockin Spry1Y53A. Estos ratones a parte de fenocopiar los defectos renales de la línea&#xd;
knockout para Spry1, nos han revelado un nuevo papel de Spry en el desarrollo de los genitales&#xd;
internos y la función de dominante negativo de la forma Spry1Y53A in vivo.</subfield>
   </datafield>
   <datafield ind2=" " ind1=" " tag="520">
      <subfield code="a">Sprouty proteins (Spry1-4) are feedback inhibitors of receptor tyrosine kinase signaling pathway.&#xd;
Sprouty genes have been implicated in various physiological and developmental processes.&#xd;
Deletion of Spry1 in mice leads to defects in the development of the genitourinary system. As&#xd;
such, they restrain proliferation of many cell types and have been proposed as tumor suppressor&#xd;
genes in certain types of cancer where physiological homeostasis is altered. In this thesis, we&#xd;
have proposed a role of Spry1 as a tumor suppressor gene in follicular thyroid carcinoma through&#xd;
the induction of cellular senescence. The molecular mechanism underlying these functions has&#xd;
not been defined and the mechanisms of action of Sprouty proteins are poorly understood. In&#xd;
vitro studies show an important role of a N-terminal tyrosine in modulating Spry1 function. In&#xd;
this context, we have generated Spry1Y53A knockin mice to shed light on this complex scenario.&#xd;
Analysis of Spry1Y53A knockin mice beside confirm the relevance of Tyr53 during kidney&#xd;
morphogenesis, reveals us a new role of Spry in internal genitalia development and uncovers its&#xd;
in vivo dominant negative function.</subfield>
   </datafield>
   <datafield ind1="8" ind2=" " tag="024">
      <subfield code="a">http://hdl.handle.net/10459.1/64453</subfield>
   </datafield>
   <datafield tag="653" ind2=" " ind1=" ">
      <subfield code="a">Sprouty</subfield>
   </datafield>
   <datafield tag="653" ind2=" " ind1=" ">
      <subfield code="a">Sitema genitourinari</subfield>
   </datafield>
   <datafield tag="653" ind2=" " ind1=" ">
      <subfield code="a">Senescència</subfield>
   </datafield>
   <datafield tag="653" ind2=" " ind1=" ">
      <subfield code="a">Sistema genitourinario</subfield>
   </datafield>
   <datafield tag="653" ind2=" " ind1=" ">
      <subfield code="a">Senescencia</subfield>
   </datafield>
   <datafield tag="653" ind2=" " ind1=" ">
      <subfield code="a">Genitourinary system</subfield>
   </datafield>
   <datafield tag="653" ind2=" " ind1=" ">
      <subfield code="a">Senescence</subfield>
   </datafield>
   <datafield tag="653" ind2=" " ind1=" ">
      <subfield code="a">Biologia Cel·lular</subfield>
   </datafield>
   <datafield tag="653" ind2=" " ind1=" ">
      <subfield code="a">57</subfield>
   </datafield>
   <datafield ind2="0" ind1="0" tag="245">
      <subfield code="a">Dissecció molecular de la funció de Sprouty1 in vivo</subfield>
   </datafield>
</record></metadata></record></GetRecord></OAI-PMH>